Kierowcy którzy wygrali wyścig w sezonie 2021 - Statystyki

Ogólne statystyki
  • Ten quiz został rozwiązany 24 razy
  • Średni wynik to 5 z 6
Statystyki odpowiedzi
Hint Odpowiedź % Poprawnych
8 Lewis Hamilton
100%
10 Max Verstappen
100%
1 Sergio Perez
95%
1 Valtteri Bottas
91%
1 Daniel Ricciardo
73%
1 Esteban Ocon
68%
Nie znaleziono quizów pasujących do podanych kryteriów
Rozkład punktacji
Procent ludzi z każdym wynikiem
Percentyl według liczby udzielonych odpowiedzi
Twoja historia wyników
Nie rozwiązałeś tego quizu